| 000 | 00404nam a2200169Ia 4500 | ||
|---|---|---|---|
| 003 | 0STCL | ||
| 008 | 150530s9999 xx 000 0 und d | ||
| 040 |
_aSTCL _cSTCL |
||
| 100 | _aCalicut University | ||
| 245 | _aPadya Gadya Samaharam | ||
| 260 |
_bCalicut university; Calicut _c1993 _aCalicut |
||
| 300 | _a0 | ||
| 546 | _aMalayalam | ||
| 942 |
_2ddc _cBK |
||
| 999 |
_c47167 _d47167 |
||
| 005 | 20220125170721.0 | ||